000 00346nam a2200133Ia 4500
005 20251222142015.0
008 251222s9999||||xx |||||||||||||| ||spa||
020 _a9972-676-12-9
082 _a658.409.2/F54
100 _aFischman, David
245 0 _aEl Camino del LĂ­der:
264 _bUniversidad Peruana de Ciencias Aplicadas
942 _cLIB
999 _c10447
_d10447